Giai thoại trạng cười xiển bột

محفوظ في:
التفاصيل البيبلوغرافية
التنسيق: كتاب
منشور في: 2005
الوسوم: إضافة وسم
لا توجد وسوم, كن أول من يضع وسما على هذه التسجيلة!
Thư viện lưu trữ: Mạng thư viện Đại học Đà Nẵng
LEADER 00447nam a22001811a 4500
001 000040919
003 17214
005 20160412023709.0
008 160412s2005 000
082 |a V(23)238-40 
245 |a Giai thoại trạng cười xiển bột  |c Quế Chi 
260 |c 2005 
OWN |a LNN 
999 |a From the UDN01 
TYP |a Monograph 
980 |a Mạng thư viện Đại học Đà Nẵng